ბათუმის შოთა რუსთაველის სახელმწიფო უნივერსიტეტის ბიბლიოთეკა

Год планеты (ბიბ.ჩანაწერი № 42896)

000 -LEADER
fixed length control field 00704nam a2200241Ia 4500
001 - CONTROL NUMBER
control field 9611
003 - CONTROL NUMBER IDENTIFIER
control field GE_BSU
008 - FIXED-LENGTH DATA ELEMENTS--GENERAL INFORMATION
fixed length control field 181216s||||||||xx |||||||||||||| ||und||
020 ## - INTERNATIONAL STANDARD BOOK NUMBER
International Standard Book Number 9785903927210
040 ## - CATALOGING SOURCE
Transcribing agency GE_BSU
080 ## - UNIVERSAL DECIMAL CLASSIFICATION NUMBER
Universal Decimal Classification number 3(100)
245 ## - TITLE STATEMENT
Title Год планеты
245 ## - TITLE STATEMENT
Remainder of title Экономика, политика, безопасность: Ежегодник выпуск 2013 года
245 ## - TITLE STATEMENT
Statement of responsibility, etc. Гл;редактор:В,Г,Баранобский
260 ## - PUBLICATION, DISTRIBUTION, ETC.
Place of publication, distribution, etc. Москва
260 ## - PUBLICATION, DISTRIBUTION, ETC.
Name of publisher, distributor, etc. Идея-Пресс
260 ## - PUBLICATION, DISTRIBUTION, ETC.
Date of publication, distribution, etc. 2013
300 ## - PHYSICAL DESCRIPTION
Extent 496ст,21см
653 ## - INDEX TERM--UNCONTROLLED
Uncontrolled term Год планеты
653 ## - INDEX TERM--UNCONTROLLED
Uncontrolled term Экономика
653 ## - INDEX TERM--UNCONTROLLED
Uncontrolled term ეკონომიკა
942 ## - ADDED ENTRY ELEMENTS (KOHA)
Koha item type წიგნი
ეგზემპლარები
Withdrawn status Lost status Damaged status Not for loan Date acquired Barcode Date last seen Price effective from Koha item type
        2018-12-17 32460 2018-12-17 2018-12-17 წიგნი